Solution of Problems in Mechanics of Machines: General Dynamics in One, Two and Three Dimensions (Record no. 1203)
[ view plain ]
| 000 -LEADER | |
|---|---|
| fixed length control field | 00458nam a2200145 4500 |
| 008 - FIXED-LENGTH DATA ELEMENTS--GENERAL INFORMATION | |
| fixed length control field | 200114b ||||| |||| 00| 0 eng d |
| 082 00 - DEWEY DECIMAL CLASSIFICATION NUMBER | |
| Classification number | 621.811076 |
| Item number | A6371 |
| 100 ## - MAIN ENTRY--PERSONAL NAME | |
| 9 (RLIN) | 752 |
| Personal name | Anvoner, S. |
| 245 10 - TITLE STATEMENT | |
| Title | Solution of Problems in Mechanics of Machines: General Dynamics in One, Two and Three Dimensions |
| 260 ## - PUBLICATION, DISTRIBUTION, ETC. (IMPRINT) | |
| Place of publication, distribution, etc | London |
| Name of publisher, distributor, etc | Pitman Publishing |
| Date of publication, distribution, etc | 1970 |
| 300 ## - PHYSICAL DESCRIPTION | |
| Extent | vii, 525 p. |
| 490 0# - SERIES STATEMENT | |
| Volume number/sequential designation | Vol I |
| 650 #0 - SUBJECT ADDED ENTRY--TOPICAL TERM | |
| Topical term or geographic name as entry element | Machinery--Dynamics |
| 942 ## - ADDED ENTRY ELEMENTS (KOHA) | |
| Source of classification or shelving scheme | |
| Item type | Books |
No items available.